Landen die de meeste olie verbruiken - Statistieken

Algemene statistieken
  • Deze quiz is 55 keer genomen
  • De gemiddelde score is 17 van 20
Antwoordstatistieken
Verbruikte vaten per dag Landen % Correct
14.0 mil China
100%
19.4 mil Verenigde Staten
100%
2.40 mil Brazilië
98%
3.32 mil Rusland
98%
1.53 mil Frankrijk
96%
1.05 mil Australië
94%
2.28 mil Duitsland
94%
5.27 mil India
94%
1.26 mil Italië
94%
1.23 mil Spanje
94%
1.12 mil Verenigd Koninkrijk
94%
3.81 mil Japan
92%
2.40 mil Canada
90%
1.73 mil Mexico
88%
1.63 mil Indonesië
86%
3.79 mil Saoedi-Arabië
80%
2.02 mil Iran
76%
2.76 mil Zuid-Korea
72%
1.34 mil Thailand
54%
1.34 mil Singapore
16%
Geen overeenkomende quizzen gevonden
Scoreverdeling
Procent van Mensen met Elke Score
Percentiel versus Aantal Correcte Antwoorden
Uw Scoregeschiedenis
U heeft deze quiz nog niet genomen